| 000 -LEADER |
| fixed length control field |
00879nam a22001937a 4500 |
| 005 - DATE AND TIME OF LATEST TRANSACTION |
| control field |
20231207120100.0 |
| 008 - FIXED-LENGTH DATA ELEMENTS--GENERAL INFORMATION |
| fixed length control field |
231207s1988 ru ||||| |||| 00| 0 rus d |
| 020 ## - INTERNATIONAL STANDARD BOOK NUMBER |
| International Standard Book Number |
5090008892 |
| 080 ## - UNIVERSAL DECIMAL CLASSIFICATION NUMBER |
| Universal Decimal Classification number |
94(37/38)(092) Б-86 |
| 100 ## - MAIN ENTRY--PERSONAL NAME |
| Personal name |
Ботвинник, М.Н. |
| 9 (RLIN) |
20616 |
| 245 ## - TITLE STATEMENT |
| Title |
Жизнеописания знаменитых греков и Римлян / |
| Statement of responsibility, etc. |
М.Н. Ботвинник, М.Б. Рабинович, Г. А. Стратановский. |
| 264 ## - PRODUCTION, PUBLICATION, DISTRIBUTION, MANUFACTURE, AND COPYRIGHT NOTICE |
| Place of production, publication, distribution, manufacture |
М.: |
| Name of producer, publisher, distributor, manufacturer |
Просвещение, |
| Date of production, publication, distribution, manufacture, or copyright notice |
1988. |
| 300 ## - PHYSICAL DESCRIPTION |
| Extent |
166 с.: |
| Other physical details |
илл. ; |
| Dimensions |
23 см. |
| 653 ## - INDEX TERM--UNCONTROLLED |
| keyword |
ბერძნებისა და რომაელების ცხოვრება |
| 653 ## - INDEX TERM--UNCONTROLLED |
| keyword |
ისტორია |
| 700 ## - ADDED ENTRY--PERSONAL NAME |
| Personal name |
Рабинович, М.Б. |
| Relator term |
ავტორი |
| 9 (RLIN) |
20617 |
| 700 ## - ADDED ENTRY--PERSONAL NAME |
| Personal name |
Стратановский, Г. А. |
| Relator term |
ავტორი |
| 9 (RLIN) |
20618 |
| 942 ## - ADDED ENTRY ELEMENTS (KOHA) |
| Source of classification or shelving scheme |
|
| Koha item type |
წიგნი |